Ausiàs March : verse translations of thirty poems /

Bibliographic Details
Main Author: March, Ausiàs, 1397?-1459
Other Authors: Archer, Robert, 1945-
Format: Book
Language:English
Language Notes:Translated from the Catalan.
Published: Barcelona, Spain : Woodbridge, UK ; Rochester, NY : Barcino ; Tamesis, 2006.
Subjects:

MARC

Tag First Indicator Second Indicator Subfields
LEADER 00000cam a2200000 a 4500
001 in00002188024
005 20151104071614.0
008 051215s2006 sp b 000 0 eng
015 |a GBA609000  |2 bnb 
016 7 |a 013366437  |2 Uk 
020 |a 1855661306 (pbk.) 
035 |a (OCoLC)ocm62761662 
040 |a UKM  |c UKM  |d BAKER  |d BWKUK  |d TXA  |d UtOrBLW 
041 1 |a eng  |h cat 
049 |a TXAM 
050 4 |a PC3937.M3  |b A27 2006 
082 0 4 |a 849.912  |2 22 
100 1 |a March, Ausiàs,  |d 1397?-1459. 
245 1 0 |a Ausiàs March :  |b verse translations of thirty poems /  |c introduction, text, translation and notes by Robert Archer. 
264 1 |a Barcelona, Spain :  |b Barcino ;  |a Woodbridge, UK ;  |a Rochester, NY :  |b Tamesis,  |c 2006. 
300 |a 183 pages ;  |c 24 cm. 
336 |a text  |b txt  |2 rdacontent 
337 |a unmediated  |b n  |2 rdamedia 
338 |a volume  |b nc  |2 rdacarrier 
546 |a Translated from the Catalan. 
504 |a Includes bibliographical references (pages 171-183). 
600 1 0 |a March, Ausiàs,  |d 1397?-1459  |v Translations into English. 
700 1 |a Archer, Robert,  |d 1945- 
994 |a C0  |b TXA 
948 |a cataloged  |b h  |c 2006/9/6  |d c  |e blrosas  |f 9:49:34 am 
999 |a MARS 
999 f f |s 7714a7a6-5d61-32cf-bd1e-d1ac77de4df1  |i 011232db-1c62-370a-8e4d-40735f40cc61  |t 0 
952 f f |p normal  |a Texas A&M University  |b College Station  |c Sterling C. Evans Library  |d Evans: Library Stacks  |t 0  |e PC3937.M3 A27 2006  |h Library of Congress classification  |i unmediated -- volume  |m A14834724837 
998 f f |a PC3937.M3 A27 2006  |t 0  |l Evans: Library Stacks